AH International Schools' Libraries

Dreaming a child (KHMER) / (Record no. 40814)

MARC details
000 -LEADER
fixed length control field 00323nam a22001217a 4500
008 - FIXED-LENGTH DATA ELEMENTS--GENERAL INFORMATION
fixed length control field 200205b ||||| |||| 00| 0 eng d
100 ## - MAIN ENTRY--PERSONAL NAME
Personal name Kem, Reng Leang
9 (RLIN) 75010
245 ## - TITLE STATEMENT
Title Dreaming a child (KHMER) /
Statement of responsibility, etc Reng Leang Kem
260 ## - PUBLICATION, DISTRIBUTION, ETC. (IMPRINT)
Place of publication, distribution, etc Cambodia
300 ## - PHYSICAL DESCRIPTION
Extent 35 p.
Dimensions 20 cm.
650 ## - SUBJECT ADDED ENTRY--TOPICAL TERM
Topical term or geographic name as entry element Fiction
9 (RLIN) 52851
942 ## - ADDED ENTRY ELEMENTS (KOHA)
Source of classification or shelving scheme
Item type Khmer Fic Books
Holdings
Withdrawn status Lost status Source of classification or shelving scheme Damaged status Not for loan Collection code Home library Current library Date acquired Total Checkouts Full call number Barcode Checked out Date last seen Date last borrowed Price effective from Koha item type
          Siem Riep Asian Hope Secondary Library Asian Hope Secondary Library 02/05/2020 14 KHMER FIC KEM 198078 05/07/2026 04/30/2026 04/30/2026 02/05/2020 Khmer Fic Books

For any Logos Library related questions please contact Miss Art at swongnarasuk@asianhope.org.

For any Asian Hope Library related questions please contact Miss Raza at graza@asianhope.org.

Powered by Koha